| 000 | 00000nas 2200000za 4500 |
| 001 | 9.811308 |
| 003 | CaOODSP |
| 005 | 20221107141047 |
| 007 | cr ||||||||||| |
| 008 | 160215u1983 oncuu m o f000#a0fre|d |
| 040 | |aCaOODSP|bfre |
| 043 | |an-cn--- |
| 086 | 1 |aA42-42F-PDF |
| 245 | 04|aLes insectes et arachnides du Canada |h[ressource électronique]. |
| 260 | |aOttawa : |bDirection générale de la recherche, Agriculture Canada, |c1983- . |
| 300 | |av : |bill. (certaines en coul.), cartes. |
| 310 | |aIrregulier |
| 362 | 0 |aPtie. 1-- |
| 500 | |aPublié en anglais sous le titre : The insects and arachnids of Canada |
| 500 | |aNumérotation irrégulière ; partagé avec : The insects and arachnids of Canada. |
| 504 | |aComprend des bibliographies et des index. |
| 692 | 07|2gccst|aInsecte |
| 692 | 07|2gccst|aArachnide |
| 710 | 1 |aCanada.|bAgriculture Canada. |bDirection générale de recherche. |
| 775 | 08|tThe insects and arachnids of Canada |w(CaOODSP)9.811273 |